000 00298nam a22001337a 4500
008 170313b xxu||||| |||| 00| 0 eng d
020 _a101401873812
041 _aeng
080 _a591
100 _a7
101 _aSHM
245 _aVETERIENARY MEDICAL TERMINOLOGY
_cROMICH.J.A
942 _2udc
_cBK
999 _c7726
_d7726